000 00578nam a22001937a 4500
999 _c163144
_d163144
005 20190329123947.0
010 _aENG-124999
020 _a9780857423726
_c595.00
035 _aEN-108531
037 _bDBAD/PUB
082 _aN
100 _aColomb, Catherine
245 _aThe spirits of the earth/
_cby Catherine Colomb; translated by John Taylor
_bthe spirits of the earth
260 _aCalcutta
_bSeagull Books
_c2016
270 _a31A S.P. Mukherjee Road,
_bCalcutta
_e700025
300 _axxiv, 227p.
_c21cm.(Hb)
700 _aTaylor, John
942 _2ddc
_cEN
_mCOL
_hN